| 000 | 00505nam a22001817a 4500 | ||
|---|---|---|---|
| 003 | BD-ChCU | ||
| 005 | 20260408110821.0 | ||
| 008 | 260408b bg ||||| |||| 00| 0 ben d | ||
| 040 | _cBD-ChCU | ||
| 082 | _a329.971 THP | ||
| 100 |
_aThorburn , Hugh G. _921383 |
||
| 245 |
_aParty politics in Canada ./ _cHugh G. Thorburn . |
||
| 250 | _a2nd ed. | ||
| 260 |
_aScarborough : _bPrentice - Hall , _cC 1967 |
||
| 300 | _a232p. | ||
| 650 | 0 |
_aCanada - Politics and Government . _921385 |
|
| 942 |
_2ddc _cBK _n0 |
||
| 999 |
_c112153 _d112153 |
||